000 nam a22 7a 4500
999 _c10209
_d10209
008 180213b ||||| |||| 00| 0 eng d
100 _aCBSE
_96206
245 _aS.Q.P. Social Science-IX
260 _aNew Delhi
_bOswal Books
_c2012